00355nam a22001577a 4500003000700000005001700007008004100024020001800065082001900083100001100102245001300113260003900126300000800165490001900173650000500192MPLRDC20220104124611.0210129b ||||| |||| 00| 0 eng d a9971-54-734-1 a859.4 YNTH v.3 a不详 a青鸟c ab南方印刷出版有限公司c b平 a幼年童话;3 a